Successful presentation skills (Record no. 291797)

MARC details
000 -LEADER
fixed length control field 00723nam a2200253Ia 4500
008 - FIXED-LENGTH DATA ELEMENTS--GENERAL INFORMATION
fixed length control field 191130s2010##################000#0#eng##
020 ## - INTERNATIONAL STANDARD BOOK NUMBER
ISBN 9780749456627
082 ## - DEWEY DECIMAL CLASSIFICATION NUMBER
Classification number 658.452 BRA
100 ## - MAIN ENTRY--AUTHOR NAME
Personal name Bradbury, Andrew
245 ## - TITLE STATEMENT
Title Successful presentation skills
Statement of responsibility, etc Andrew Bradbury
250 ## - EDITION STATEMENT
Edition statement 4th ed
260 ## - PUBLICATION, DISTRIBUTION, ETC. (IMPRINT)
Place of publication London
Name of publisher Kogan Page
Year of publication 2010
300 ## - PHYSICAL DESCRIPTION
Number of Pages vii, 156 p. : ill. ; 22 cm
500 ## - GENERAL NOTE
General note At head of title: The Sunday Times
650 ## - SUBJECT ADDED ENTRY--TOPICAL TERM
Topical Term Business presentations
Topical Term Oral communication
Topical Term Presentation graphics software
Topical Term Public speaking
991 ## -
-- 147022
Holdings
Withdrawn status Lost status Damaged status Not for loan Home library Current library Shelving location Date acquired Full call number Accession Number Price effective from Koha item type
        Anna Centenary Library Anna Centenary Library 6TH FLOOR, B WING 15.10.2020 658.452 BRA 312456 15.10.2020 English Books

Find us on the map